000 00584nmm a2200229 a 4500
003 AR-BaBNM
005 20251128203738.0
008 156019s1988 ||||||||||||||000 | spa||
020 _a950-43-1472-0
040 _cAR-BaBNM
100 1 _aBertero, Gloria de
245 1 0 _aEl taller literario
_bsurgimiento en la Argentina
260 _aRafaela
_bSecretaría de Cultura
_c1988
300 0 _a99 p.
650 4 _aENTREVISTAS
650 4 _aREDACCION
651 4 _aArgentina
653 0 _aENSENANZA DE LA LITERATURA
653 0 _aTALLER LITERARIO
942 _cBK
998 _cisola
999 _c4760
_d4760